000 00420nam a2200181Ia 4500
005 20250603145554.0
008 250603s9999 xx 000 0 und d
020 _a978007146051
050 _aQA 76.73 .C153 H82/
100 _aReynolds, Carl
245 0 _aPrinciples of computer science
260 _aNew York
260 _bMcGraw-Hill
260 _c2008
300 _a221 p
650 _aNew York
942 _cBK
999 _c42241
_d42241